MARC details
| 000 -LEADER |
| fixed length control field |
02139mam a2200313 a 4500 |
| 001 - CONTROL NUMBER |
| control field |
2281293 |
| 003 - CONTROL NUMBER IDENTIFIER |
| control field |
ARRUPE |
| 005 - DATE AND TIME OF LATEST TRANSACTION |
| control field |
20150113125743.0 |
| 008 - FIXED-LENGTH DATA ELEMENTS--GENERAL INFORMATION |
| fixed length control field |
980713s1999 iluab b 001 0 eng |
| 010 ## - LIBRARY OF CONGRESS CONTROL NUMBER |
| LC control number |
98030327 |
| 020 ## - INTERNATIONAL STANDARD BOOK NUMBER |
| International Standard Book Number |
0226120171 (alk. paper) |
| 020 ## - INTERNATIONAL STANDARD BOOK NUMBER |
| International Standard Book Number |
0226120198 (pbk. : alk. paper) |
| 035 ## - SYSTEM CONTROL NUMBER |
| System control number |
(OCoLC)ocm39556440 |
| 040 ## - CATALOGING SOURCE |
| Original cataloging agency |
DLC |
| Transcribing agency |
DLC |
| Modifying agency |
C#P |
| -- |
OrLoB-B |
| 043 ## - GEOGRAPHIC AREA CODE |
| Geographic area code |
n-us-ny |
| 050 00 - LIBRARY OF CONGRESS CALL NUMBER |
| Classification number |
QC789.2.U62 |
| Item number |
B763 1999 |
| 082 00 - DEWEY DECIMAL CLASSIFICATION NUMBER |
| Classification number |
539.7/0720747/25 |
| Edition number |
21 |
| 300 ## - PHYSICAL DESCRIPTION |
| Other physical details |
ill., maps ; |
| Dimensions |
24 cm. |
| 100 1# - MAIN ENTRY--PERSONAL NAME |
| Personal name |
Crease, Robert P. |
| 9 (RLIN) |
13653 |
| 245 10 - TITLE STATEMENT |
| Title |
Making physics : |
| Remainder of title |
a biography of Brookhaven National Laboratory, 1946-1972 / |
| Statement of responsibility, etc |
Robert P. Crease. |
| 260 ## - PUBLICATION, DISTRIBUTION, ETC. (IMPRINT) |
| Place of publication, distribution, etc |
Chicago : |
| Name of publisher, distributor, etc |
University of Chicago Press, |
| Date of publication, distribution, etc |
1999. |
| 300 ## - PHYSICAL DESCRIPTION |
| Extent |
xii, 434 p. : |
| 504 ## - BIBLIOGRAPHY, ETC. NOTE |
| Bibliography, etc |
Includes bibliographical references (p. 413-423) and index. |
| 505 00 - FORMATTED CONTENTS NOTE |
| Miscellaneous information |
1. |
| Title |
A Team of Young General Groveses -- |
| Miscellaneous information |
2. |
| Title |
A Reluctant Director, a Remote Site -- |
| Miscellaneous information |
3. |
| Title |
National Laboratory -- |
| Miscellaneous information |
4. |
| Title |
The "Brookhaven Concept" -- |
| Miscellaneous information |
5. |
| Title |
The Pile Project -- |
| Miscellaneous information |
6. |
| Title |
Community Relations -- |
| Miscellaneous information |
7. |
| Title |
The Accelerator Project -- |
| Miscellaneous information |
8. |
| Title |
Reactor Research in the 1950s -- |
| Miscellaneous information |
9. |
| Title |
"For the Enlightenment and Benefit of Mankind": Research at the Cosmotron -- |
| Miscellaneous information |
10. |
| Title |
Goldhaber's Directorship -- |
| Miscellaneous information |
11. |
| Title |
Research at the Alternating Gradient Synchrotron -- |
| Miscellaneous information |
12. |
| Title |
The High Flux Beam Reactor -- |
| Miscellaneous information |
13. |
| Title |
Crossroad -- |
| Miscellaneous information |
App. 1. |
| Title |
Some Key Personnel of Brookhaven National Laboratory and Associated Universities, Inc. |
| 520 ## - SUMMARY, ETC. |
| Summary, etc |
From Nobel Prize-winning work in atomic physics to community concerns over radiation leaks, Brookhaven National Laboratory's ups and downs track the changing fortunes of "big science" in the United States since World War II. But Brookhaven is also unique; it was the first major national laboratory built specifically for basic civilian research. In Making Physics, Robert P. Crease brings to life the people, the instruments, the science, and the politics of Brookhaven's first quarter-century. |
| 610 20 - SUBJECT ADDED ENTRY--CORPORATE NAME |
| Corporate name or jurisdiction name as entry element |
Brookhaven National Laboratory |
| General subdivision |
History. |
| 9 (RLIN) |
13800 |
| 650 #0 - SUBJECT ADDED ENTRY--TOPICAL TERM |
| Topical term or geographic name as entry element |
Nuclear physics |
| General subdivision |
Research |
| Geographic subdivision |
New York (State) |
| -- |
Upton |
| General subdivision |
History. |
| 9 (RLIN) |
13801 |
| 900 ## - EQUIVALENCE OR CROSS-REFERENCE-PERSONAL NAME [LOCAL, CANADA] |
| Numeration |
TOC |
| 942 ## - ADDED ENTRY ELEMENTS (KOHA) |
| Source of classification or shelving scheme |
Library of Congress Classification |
| Koha item type |
Monograph ( Printed materials) |